| 000 | 01343nam a22003017a 4500 | ||
|---|---|---|---|
| 005 | 20120521143620.0 | ||
| 008 | 120521t xxu||||| |||| 00| 0 eng d | ||
| 010 | _aENG-105370 | ||
| 020 |
_a9788124605455 _c850.00 |
||
| 020 |
_a8124605459 _c850.00 |
||
| 035 | _aEN-88903 | ||
| 037 | _bDBAD/PUB | ||
| 040 |
_aDPL _bEng |
||
| 082 | _a297.4092 | ||
| 100 |
_947159 _aBhat, Manzoor Ahmad |
||
| 245 |
_aṢūfī thought of Shaikh Sayyid’ Abdu’l Qādir Jīlānī and its impact on the Indian subcontinent / _cby Manzoor Ahmad Bhat |
||
| 260 |
_aNew Delhi _bD.K. Printworld _c2010 |
||
| 270 |
_a'Srikunj', F-52, Bali Nagar, Ramesh Nagar Metro Station _bNew Delhi _e110015 |
||
| 300 |
_avi, 350 p. _c23cm(Hb) |
||
| 490 |
_aIslamic heritage in cross-cultural perspectives ; no. 5 _947580 |
||
| 500 | _aOriginally presented as author’s thesis (Ph.D--University of Kashmir). | ||
| 500 | _aIncludes bibliographical references (p. 307-320) and index. | ||
| 600 |
_aʻAbd al-Qādir al-Jīlānī, _dd. 1166 _xInfluence. _947581 |
||
| 650 |
_aQādirīyah members _947555 _vBiography. |
||
| 650 |
_aSufism _947569 _zindia |
||
| 942 |
_2ddc _cEN _h297.4092 _mBHA |
||
| 999 |
_c66960 _d66960 |
||